000
00325nam a22001337a 4500
008
170511b xxu||||| |||| 00| 0 eng d
020
_a
9780446517416
041
_a
eng
080
_a
34
100
_a
15
101
_a
SHJ
245
_a
NATURAL LAWS OF SUCCESSFUL TIME AND LIFE MANAGMENT
_c
SMITH.H.W
942
_2
udc
_c
BK
999
_c
13189
_d
13189